00642nam a2200169 a 450000100100000000500170001000800410002704000250006810000330009324501090012625000250023526000400026030000210030070000290032195201050035099900170045500003318320200930070101.0110818s1998 dr 000 0 spa d aDO-SdBNPbspacBNPHU1 aPeña A., Vitervo C.95882010aPendolismo y rotulación :bteoría, práctica e historia /cVitervo C. Peña A. , Francisco Ferrer. a3ra ed. corr. y aum. aSanto Domingo :bAmfer Graf,c1998. a154 p. ;c22 cm.1 aFerrer, Francisco958821 0010718PDaPDbPDcCTd2011-08-18iLF1l0o p33183-10r2020-06-25w2020-06-25yLFPDZNo se presta c32674d32674